| 000 | 01126cab a22002055a 4500 | ||
|---|---|---|---|
| 001 | L140870 | ||
| 008 | 071016s2007 xxk f 000 0 eng d | ||
| 035 | _a(Sirsi) u140870 | ||
| 041 | 0 | _aeng | |
| 100 | 1 | _aLemon, Angela | |
| 245 | 0 | 0 |
_aWhat price _ba sustainable home? |
| 260 | _c2007 | ||
| 490 | 0 |
_aConstruction Manager _vOctober 2007, 19-22(4) |
|
| 520 | _aIllustrates how much energy a sustainable house will save each year and identifies the costs, savings and payback involved. Looks at whole house ventilation, ground source heat pumps, solar water heating, photovoltaic electricity, roof-mounted wind turbine, rainwater harvesting, combined heat and power, low energy equipment, waste management, traditional measures such as double glazing and roof lagging, and green energy tariffs. Also provides indicative costs for improving a typical two/three-bedroom home's energy footprint, with and without the use of renewable technologies. | ||
| 590 | _aKA | ||
| 651 | 4 |
_aUnited Kingdom _y |
|
| 690 | _aENVIRONMENTAL AND LAND CONSULTANCY-ENERGY-ENERGY USE-ENERGY EFFICIENCY | ||
| 700 | 1 | _aKeech, Terry | |
| 942 | _n0 | ||
| 999 |
_c79371 _d79371 |
||